Mercurio al bivio. Le ricchezze di Asia offerte a Britannia.
Saved in:
| Main Author: | |
|---|---|
| Format: | Book |
| Published: |
Pisa, Italia:
Pacini Editori,
2017.
|
| Series: | Imago Iuris.
|
| Subjects: | |
| Tags: |
Add Tag
No Tags, Be the first to tag this record!
|
MARC
| LEADER | 00000cam a2200000 a 4500 | ||
|---|---|---|---|
| 001 | UCC0132 | ||
| 003 | CL-VaPUC | ||
| 005 | 20220822114536.0 | ||
| 008 | 220701t2017 ||||| |||| 00| 0 eng d | ||
| 999 | |c 436607 |d 436605 | ||
| 020 | |a 978-88-6995-213-5 | ||
| 040 | |c Pontificia Universidad Católica de Valparaíso | ||
| 082 | 7 | |a 325.3410954 STA 2017 |2 22 | |
| 100 | 0 | |a Stagl, Jakob Fortunat |e autore |9 594063 | |
| 245 | |a Mercurio al bivio. |b Le ricchezze di Asia offerte a Britannia. | ||
| 260 | |a Pisa, Italia: |b Pacini Editori, |c 2017. | ||
| 300 | |a 94 páginas. | ||
| 490 | |a Imago Iuris. | ||
| 500 | |a c.1 Donación Familia Prof. Alejandro Guzmán Brito. | ||
| 583 | |a last modification |c 20170721 23:47:00 |k Cristina María Rojas Aguilar | ||
| 650 | |a Colonialismo |x Aspectos jurídicos |9 872556 | ||
| 651 | |a India |x Colonización |9 872557 | ||
| 942 | |c BK |2 ddc |n 0 | ||
| 952 | |0 0 |1 0 |2 ddc |4 0 |6 325_341095400000000_STA_2017 |7 1 |8 C_AGB |9 584282 |a BIBDER |b BIBDER |d 2022-07-01 |e Donación |i 5652416 |o 325.3410954 STA 2017 |p 5652416 |r 2023-01-25 |t 1 |w 2022-07-01 |y BK_US |k AGB | ||